[Event "FRA-chT3 Gr12 0304"]
[Site "Loire"]
[Date "2004.04.04"]
[Round "7.5"]
[White "Barthelemy, Jerome"]
[Black "Maillet, Patrice"]
[Result "0-1"]
[WhiteElo "1510"]
[BlackElo "1800"]
[PlyCount "114"]
[EventDate "2003.10.12"]
[EventType "team"]
[EventRounds "9"]
[EventCountry "FRA"]
[SourceTitle "EXT 2008"]
[Source "ChessBase"]
[SourceDate "2007.11.25"]
[SourceVersion "1"]
[SourceVersionDate "2007.11.25"]
[SourceQuality "1"]

1. c4 c5 2. Nf3 Nf6 3. d4 e6 4. Nc3 d5 5. cxd5 Nxd5 6. e4 cxd4 7. Nxd5 exd5 8. exd5 Qxd5 9. Qxd4 Be6 10. Qxd5 Bxd5 11. Bb5+ Nc6 12. 0-0 0-0-0 13. Bxc6 Bxc6 14. Ne5 Bd5 15. Be3 Bd6 16. Nf3 Kb8 17. Rfd1 Bc6 18. Nd4 Bd7 19. Rac1 h5 20. h4 Bg4 21. f3 Bd7 22. Nb3 Ba4 23. Kf2 Rhe8 24. Rxd6 Rxd6 25. Bf4 Red8 26. Rd1 Kc7 27. Bxd6+ Rxd6 28. Rxd6 Kxd6 29. Ke3 Kd5 30. Kd3 f6 31. g3 Bb5+ 32. Kd2 b6 33. Ke3 Bc4 34. g4 hxg4 35. fxg4 a5 36. Kf4 Bd3 37. Nd2 b5 38. a3 Bc2 39. b3 Kd4 40. b4 axb4 41. axb4 Kc3 42. Ne4+ Bxe4 43. Kxe4 Kxb4 44. Kf5 Kc4 45. Kg6 b4 46. Kxg7 b3 47. h5 b2 48. h6 b1Q 49. h7 Qb7+ 50. Kg8 Qc8+ 51. Kf7 Qh8 52. Kg6 Kd5 53. Kf5 Qxh7+ 54. Kxf6 Ke4 55. Kg5 Qg7+ 56. Kh4 Kf4 57. Kh3 Qxg4+ 0-1